Language Quiz

Random Language or Letter Quiz

Keeping 'UP' Appearances Quiz Stats

 Plays Quiz Updated Feb 4, 2012

Also try: 7-Down
Challenge
Share
Tweet
Embed
Score 0/30 Timer 07:00
0 Plays Today
Clue '_UP...' Word % Correct
Valentine arrow shooterCupid
93.9%
The largest planetJupiter
87.6%
Kermit, Animal, or Elmo, e.g.Muppet
84.3%
A closet to keep dishes or foodcupboard
83.1%
A term for the evening mealsupper
82.9%
Sealable home products sold at partiesTupperware
71.3%
A two-family homeduplex
69.1%
NewsCorp's CEO MurdochRupert
67.9%
The opening in the eye for lightpupil
67.1%
Money in Indiarupee
66%
An insect developmental stagepupa
62.6%
Relating to marriagenuptial
61.5%
River often paired with the TigrisEuphrates
61.1%
A well-paid, urban, educated adult under 40yuppie
57.4%
A hernia or tearing apart of tissuerupture
56%
Clue '_UP...' Word % Correct
Diana Ross or Mary Wilson, e.g.Supreme
55.2%
Compliant or easy to bendsupple
53.7%
Short-lived affection felt by kids (2 wds.)puppy love
52.6%
CNN's Medical Correspondent SanjayGupta
47.6%
Lying on one's backsupine
45.6%
Defunct Seattle NBA teamSuperSonics
42.9%
House's favorite autoimmune diseaselupus
42.1%
Chemical corporation based in DelawareDuPont
40.8%
A small bony fishguppy
40.7%
A coin worth 1/50 of a poundtuppence
39.3%
A young childcare giver; nanny (2 wds.)au pair
39.1%
Elvis' Mississippi birthplaceTupelo
34.3%
A small structure built on a roofcupola
29.4%
City in CA with Apple Inc.'s headquartersCupertino
29.1%
Jewish bridal canopyhuppah
22.4%

You're not logged in!

Compare scores with friends on all Sporcle quizzes.
OR
Log In

You Might Also Like...

Show Comments

Extras

Top Quizzes Today


Score Distribution

Your Account Isn't Verified!

In order to create a playlist on Sporcle, you need to verify the email address you used during registration. Go to your Sporcle Settings to finish the process.

Report this User

Report this user for behavior that violates our Community Guidelines.

Details: